Two-Word North American Sports Teams - Statistics

General Stats
  • This quiz has been taken 591 times
  • The average score is 6 of 8
Answer Stats
League Team % Correct
MLB Boston Red Sox
89%
MLB Chicago White Sox
89%
MLB Toronto Blue Jays
81%
NHL Vegas Golden Knights
69%
NHL Detroit Red Wings
68%
NHL Columbus Blue Jackets
64%
NHL Toronto Maple Leafs
56%
NBA Portland Trail Blazers
52%
No matching quizzes found
Score Distribution
Percent of People with Each Score
Percentile by Number Answered
Your Score History
You have not taken this quiz